Shour Urdu Lazmi Maroozi (شعور اردو لازمی معروضی) (Record no. 9)

MARC details
000 -LEADER
fixed length control field 00391nam a2200145Ia 4500
008 - FIXED-LENGTH DATA ELEMENTS--GENERAL INFORMATION
fixed length control field 230312s9999||||xx |||||||||||||| ||und||
082 ## - DEWEY DECIMAL CLASSIFICATION NUMBER
Classification number 891.439
Item number USM-S
100 ## - MAIN ENTRY--PERSONAL NAME
Personal name پروفیسر محمد ندیم عثمان
245 #0 - TITLE STATEMENT
Title Shour Urdu Lazmi Maroozi (شعور اردو لازمی معروضی)
260 ## - PUBLICATION, DISTRIBUTION, ETC.
Place of publication, distribution, etc. India
Date of publication, distribution, etc. 2016
300 ## - PHYSICAL DESCRIPTION
Extent 96
546 ## - LANGUAGE NOTE
Language note Urdu
650 ## - SUBJECT ADDED ENTRY--TOPICAL TERM
Topical term or geographic name entry element Literature
942 ## - ADDED ENTRY ELEMENTS (KOHA)
Koha item type BOOK
Holdings
Withdrawn status Lost status Damaged status Not for loan Home library Current library Date acquired Total Checkouts Full call number Barcode Date last seen Date last checked out Price effective from Koha item type
        Superior Information Resource Center (SIRC) Superior University- Main Campus Superior Information Resource Center (SIRC) Superior University- Main Campus 03/13/2023 1 891.439 USM-S 8 04/26/2024 04/26/2024 03/13/2023 BOOK

Powered by Koha